000 00259nam a2200109Ia 4500
008 220216s9999 xx 000 0 und d
100 _aMadhu C B
245 0 _aRubberthottangalile aadine pattiyidal!
260 _bRubber
_c2013
300 _a22-23
942 _cJS
999 _c68314
_d68314